|
|
|
|
| LEADER |
01070nam a22001937i 4500 |
| 005 |
20210117210233.0 |
| 008 |
161108s2014 gr ||||| |||| 00| d gre d |
| 020 |
|
|
|a 9786188166998
|
| 040 |
|
|
|a GR-PaULI
|b gre
|c GR-PaULI
|e AACR2
|
| 082 |
0 |
4 |
|a 889.29
|2 23
|
| 100 |
1 |
|
|9 158042
|a Ελιόγλου, Λυδία.
|e συγγραφέας
|
| 245 |
1 |
0 |
|a Από την παραλία πέρασες;
|b πρωτότυπο θεατρικό έργο : μικρά επεισόδια της μνήμης στραμμένα στη θάλασσα /
|c Λυδία Ελιόγλου ; πρόλογος Θοδώρης Γκόνης ; επίμετρο Γιώργος Καρατζιώτης.
|
| 260 |
|
|
|a Αθήνα :
|b Κάπα,
|c 2014.
|
| 300 |
|
|
|a 43 σ. ;
|c 21 εκ.
|
| 650 |
|
4 |
|9 102577
|a Ελληνικά θεατρικά έργα
|y 21ος αιώνας
|
| 942 |
|
|
|2 ddc
|c BK15
|
| 952 |
|
|
|0 0
|1 0
|2 ddc
|4 0
|6 889_290000000000000_ΕΛΙ
|7 0
|9 207144
|a THST
|b THST
|d 2016-11-08
|i 014270
|l 0
|o 889.29 ΕΛΙ
|p 025000138430
|r 2016-11-08 00:00:00
|t 1
|v 2016.00
|w 2016-11-08
|y BK15
|
| 998 |
|
|
|c ΜΑΝΙΑ
|d 2016-11
|
| 999 |
|
|
|c 125945
|d 125945
|